书目信息 |
| 题名: |
中国民族音乐文化传承与高校音乐教育研究
|
|
| 作者: | 李巧伟 , 张天慧 著 | |
| 分册: | ||
| 出版信息: | 北京 中国纺织出版社 2019 |
|
| 页数: | 162页 | |
| 开本: | 24cm | |
| 丛书名: | ||
| 单 册: | ||
| 中图分类: | J607.2 , J60-059 | |
| 科图分类: | ||
| 主题词: | 民族音乐研究--min zu yin yue yan jiu--中国 , 音乐教育--yin yue jiao yu--教学研究--高等学校 | |
| 电子资源: | ||
| ISBN: | 978-7-5180-3712-4 | |
| 000 | 01583nam0 2200301 450 | |
| 001 | 012001006578 | |
| 005 | 20140101094752.0 | |
| 010 | @a978-7-5180-3712-4@dCNY47.00 | |
| 099 | @aCAL 012019026508 | |
| 100 | @a20190314d2019 em y0chiy50 ea | |
| 101 | 0 | @achi |
| 102 | @aCN@b110000 | |
| 105 | @ay a 000yy | |
| 106 | @ar | |
| 200 | 1 | @a中国民族音乐文化传承与高校音乐教育研究@Azhong guo min zu yin yue wen hua chuan cheng yu gao xiao yin yue jiao yu yan jiu@f李巧伟, 张天慧著 |
| 210 | @a北京@c中国纺织出版社@d2019 | |
| 215 | @a162页@d24cm | |
| 300 | @a教育部人文社会科学研究青年基金项目《湘南桂北交界地区瑶族音乐文化研究》批准号:17YJC760043 湖南省哲学社会科学基金项目《音乐人类学视阈下湘南地区瑶族音乐文化研究》编号:14YBA054 湖南省教育厅优秀青年科研项目《湘南地区瑶族音乐的艺术形态与传承模式研究》编号:15B037 | |
| 320 | @a有书目 (第161-162页) | |
| 330 | @a本书以中国民族音乐文化传承与高校音乐教育为主线,首先对中国民族音乐文化进行系统的解读,其中介绍了中国民族音乐的基本概念、分类以及中国民族音乐的魅力所在;其次讲述了湖南民间艺术、瑶族音乐舞蹈文化、土家族音乐舞蹈文化、苗族音乐舞蹈文化等;之后阐述了中国民族音乐文化传承,这一部分涵盖了民族音乐文化传承的途径、举措以及民族音乐的多元化融合;最后总结了民族音乐传承和高校音乐教育的有关内容。 | |
| 606 | 0 | @a民族音乐研究@Amin zu yin yue yan jiu@y中国 |
| 606 | 0 | @a音乐教育@Ayin yue jiao yu@x教学研究@x高等学校 |
| 690 | @aJ607.2@v5 | |
| 690 | @aJ60-059@v5 | |
| 701 | 0 | @a李巧伟@Ali qiao wei@4著 |
| 701 | 0 | @a张天慧@Azhang tian hui@4著 |
| 801 | 0 | @aCN@b上海新华@c20191020 |
| 905 | @b1131878-81@dJ607.2@e1041@f4 | |
| 中国民族音乐文化传承与高校音乐教育研究/李巧伟, 张天慧著.-北京:中国纺织出版社,2019 |
| 162页;24cm |
| 教育部人文社会科学研究青年基金项目《湘南桂北交界地区瑶族音乐文化研究》批准号:17YJC760043 湖南省哲学社会科学基金项目《音乐人类学视阈下湘南地区瑶族音乐文化研究》编号:14YBA054 湖南省教育厅优秀青年科研项目《湘南地区瑶族音乐的艺术形态与传承模式研究》编号:15B037 |
| ISBN 978-7-5180-3712-4:CNY47.00 |
| 本书以中国民族音乐文化传承与高校音乐教育为主线,首先对中国民族音乐文化进行系统的解读,其中介绍了中国民族音乐的基本概念、分类以及中国民族音乐的魅力所在;其次讲述了湖南民间艺术、瑶族音乐舞蹈文化、土家族音乐舞蹈文化、苗族音乐舞蹈文化等;之后阐述了中国民族音乐文化传承,这一部分涵盖了民族音乐文化传承的途径、举措以及民族音乐的多元化融合;最后总结了民族音乐传承和高校音乐教育的有关内容。 |
| ● |
| 相关链接 |
|
|
|
|
正题名:中国民族音乐文化传承与高校音乐教育研究
索取号:J607.2/1041
 
预约/预借
| 序号 | 登录号 | 条形码 | 馆藏地/架位号 | 状态 | 备注 |
| 1 | 1131878 | 211318787 | 第一样本阅览室/ [索取号:J607.2/1041] | 在馆 | |
| 2 | 1131879 | 211318796 | 第一借阅区/ [索取号:J607.2/1041] | 在馆 | |
| 3 | 1131880 | 211318803 | 第一借阅区/ [索取号:J607.2/1041] | 在馆 | |
| 4 | 1131881 | 211318812 | 第一借阅区/ [索取号:J607.2/1041] | 在馆 |